000 00397nam a2200169Ia 4500
999 _c10418
_d10418
003 OSt
005 20220316164747.0
008 220308s9999 xx 000 0 und d
020 _a9783775740531
082 _a720
_bANA
100 _aMayer H., J. (Jürgen), 1965-
245 0 _aJ. Mayer.H. Could Would Should
260 _b ‎ Hatje Cantz 
365 _cUSD
365 _d70
942 _2ddc